Fashion Brands by Partial Logo - Statistics

General Stats
  • This quiz has been taken 198 times
  • The average score is 16 of 24
Answer Stats
Picture Answer % Correct
Adidas
99%
H&M
98%
Levi's
98%
Lacoste
93%
Vans
90%
Zara
90%
The North Face
87%
Calvin Klein
84%
Playboy
81%
Ray Ban
80%
Ralph Lauren
77%
Under Armour
75%
Foot Locker
69%
Timberland
68%
Uniqlo
68%
Abercrombie & Fitch
65%
Armani
61%
Dickies
55%
Hollister
51%
Fruit of the Loom
49%
Superdry
40%
Palace
29%
Canterbury
8%
Fat Face
8%
No matching quizzes found
Score Distribution
Percent of People with Each Score
Percentile by Number Answered
Your Score History
You have not taken this quiz